Pokémon - Attacken von Turtok in KA/PU - Statistiken

Allgemein
  • Dieses Quiz wurde 11 mal gespielt
  • Das Durchschnittsergebnis liegt bei 25 aus 71
Antwortstatistiken
Antwort % Korrekt
Aquaknarre
100%
Hydropumpe
100%
Tackle
100%
Eisstrahl
89%
Panzerschutz
89%
Surfer
89%
Turbodreher
89%
Erdbeben
78%
Aquahaubitze
67%
Aquawelle
67%
Biss
67%
Risikotackle
67%
Rutenschlag
67%
Schutzschild
67%
Blizzard
56%
Bodycheck
56%
Eishieb
56%
Erholung
56%
Hyperstrahl
56%
Lichtkanone
56%
Bodyslam
44%
Hausbruch
44%
Regentanz
44%
Schaufler
44%
Aquadurchstoß
33%
Aurasphäre
33%
Drachenpuls
33%
Eisenabwehr
33%
Felsgrab
33%
Fokusstoß
33%
Schlafrede
33%
Wasserdüse
33%
Wassersäulen
33%
Whirlpool
33%
Dreschflegel
22%
Eissturm
22%
Finsteraura
22%
Fontränen
22%
Gigastoß
22%
Kalte Dusche
22%
Knirscher
22%
Lehmbrühe
22%
Mogelhieb
22%
Steinhagel
22%
Wellentackle
22%
Zen-Kopfstoß
22%
Ausdauer
11%
Body Press
11%
Brüller
11%
Delegator
11%
Dunkelnebel
11%
Durchbruch
11%
Eiskreisel
11%
Fassade
11%
Grimasse
11%
Gyroball
11%
Katapult
11%
Lawine
11%
Lebenstropfen
11%
Lehmschuss
11%
Meteorologe
11%
Nassschweif
11%
Power-Punch
11%
Rechte Hand
11%
Rollwende
11%
Schleuder
11%
Spiegelcape
11%
Tera-Ausbruch
11%
Wasserring
11%
Weißnebel
11%
Gähner
0%
Keine übereinstimmenden Quizze gefunden
Verteilung der Resultate
Anzahl Personen mit jedem Resultat
Perzentil nach korrekt beantworteten Fragen
Ihre Resultats-Entwicklung
Sie haben dieses Quiz noch nicht gespielt